000 00557 a2200217 4500
005 20260319103003.0
008 260318b |||||||| |||| 00| 0 eng d
020 _a9780323990455
_c$ 125.00
040 _aMAIN
082 _a572.8
_bM67P
100 _aMir, Rakeeb Ahmad
245 _aPrinciples of genomics and proteomics
260 _bElsiver
_c2023
_aAmsterdam
300 _axxi, 252
650 _aGenomics
650 _aProteomics
650 _aMicrobiology
700 _aShafi, Sheikh Mansoor
700 _aZargar, Sajad Majeed
942 _cBK
999 _c395787
_d395787